Unger Péter

Elmentve itt :
Bibliográfiai részletek
Dokumentumtípus: Cikk
Megjelent: 1930-07-03
Sorozat:Délmagyarország 6 No. 147
Kulcsszavak:Unger Péter, Gyászjelentés
Online Access:http://dmarchiv.bibl.u-szeged.hu/38837
LEADER 00396nab a2200145 i 4500
001 delm38837
005 20180927130102.0
008 180927s1930 hu o 0|| hun d
040 |a SZTE Délmagyarország Archívum  |b hun 
041 |a hun 
245 0 0 |a Unger Péter  |h [elektronikus dokumentum] 
260 |c 1930-07-03 
300 |a 5 
490 0 |a Délmagyarország  |v 6 No. 147 
695 |a Unger Péter, Gyászjelentés